[Event "Kstovo Chess Hopes op"]
[Site "Kstovo"]
[Date "2015.07.01"]
[Round "8"]
[White "Kulik, Artur"]
[Black "Vardanyan, Tigran"]
[Result "1-0"]
[WhiteElo "1735"]
[BlackElo "1812"]
[PlyCount "53"]
[EventDate "2015.06.24"]
[EventType "swiss"]
[EventRounds "9"]
[EventCountry "RUS"]
[SourceTitle "CBM 167 Extra"]
[Source "ChessBase"]
[SourceDate "2015.09.14"]
[SourceVersion "1"]
[SourceVersionDate "2015.09.14"]
[SourceQuality "1"]

1. d4 f5 2. Nf3 g6 3. g3 Bg7 4. Bg2 Nf6 5. c4 0-0 6. Nc3 d6 7. 0-0 Nbd7 8. Qb3 e5 9. e3 c6 10. c5+ d5 11. Nxe5 Nxe5 12. dxe5 Ne4 13. Nxe4 fxe4 14. Bxe4 Bxe5 15. Bg2 Qe7 16. e4 Qxc5 17. exd5 cxd5 18. Bxd5+ Kh8 19. Be3 Qe7 20. Rac1 Qf6 21. Rc4 Bh3 22. Rd1 b5 23. Rh4 Bf5 24. Bxa8 Rxa8 25. Qxb5 Bxb2 26. Qxb2 Qxb2 27. Bd4+ 1-0

[Event "Kstovo Kichigin Memorial op 5th"]
[Site "Kstovo"]
[Date "2015.01.17"]
[Round "2"]
[White "Sakulo, Denis"]
[Black "Vardanyan, Tigran"]
[Result "0-1"]
[WhiteElo "1947"]
[BlackElo "1667"]
[PlyCount "124"]
[EventDate "2015.01.16"]
[EventType "swiss"]
[EventRounds "9"]
[EventCountry "RUS"]
[SourceTitle "CBM 164 Extra"]
[Source "ChessBase"]
[SourceDate "2015.03.02"]
[SourceVersion "1"]
[SourceVersionDate "2015.03.02"]
[SourceQuality "1"]

1. d4 f5 2. g3 Nf6 3. Bg2 g6 4. c4 Bg7 5. Nc3 0-0 6. Nh3 d6 7. Nf4 e5 8. dxe5 dxe5 9. Nfd5 Na6 10. 0-0 c6 11. Nxf6+ Qxf6 12. Be3 Be6 13. Qa4 Qf7 14. c5 Nc7 15. Rad1 Nd5 16. Bd2 e4 17. Nxd5 Bxd5 18. b3 Rfd8 19. Bf4 b6 20. Be3 b5 21. Qa5 Be5 22. Bd4 Bxb3 23. Bxe5 Bxd1 24. Bb2 Bxe2 25. Qc3 Kf8 26. Qh8+ Ke7 27. Qe5+ Qe6 28. Qg7+ Ke8 29. Re1 Bd3 30. f3 Qe7 31. Qc3 e3 32. f4 Rac8 33. Rd1 e2 34. Qh8+ Kd7 35. Rxd3+ Kc7 36. Qe5+ Qxe5 37. Bxe5+ Kb7 38. Re3 Rd2 39. a3 Ra2 40. Kf2 e1Q+ 41. Kxe1 Rxg2 42. h4 Rd8 43. Bd6 Rd7 44. Kf1 Ra2 45. Rb3 Rd2 46. Re3 R7xd6 47. cxd6 Rxd6 48. Re7+ Kb6 49. Rxh7 Rd3 50. Kg2 Rxa3 51. Rg7 b4 52. Rxg6 b3 53. Rg8 Kc7 54. Rg7+ Kb6 55. Rg8 Ra2+ 56. Kf3 Kc7 57. Rg7+ Kc8 58. Rg8+ Kb7 59. Rg7+ Ka6 60. Rg8 Ra5 61. Re8 b2 62. Re1 Ra1 0-1

[Event "Nizhnij Novgorod Dubinin Memorial 22nd"]
[Site "Nizhnij Novgorod"]
[Date "2015.??.??"]
[Round "7"]
[White "Vardanyan, Tigran"]
[Black "Dragov, Anatoly"]
[Result "1/2-1/2"]
[WhiteElo "1607"]
[BlackElo "1894"]
[PlyCount "36"]
[EventDate "2015.01.03"]
[EventType "swiss"]
[EventRounds "9"]
[EventCountry "RUS"]
[SourceTitle "CBM 164 Extra"]
[Source "ChessBase"]
[SourceDate "2015.03.02"]
[SourceVersion "1"]
[SourceVersionDate "2015.03.02"]
[SourceQuality "1"]

1. e4 c5 2. d4 cxd4 3. c3 d5 4. exd5 Qxd5 5. cxd4 Nc6 6. Nf3 Nf6 7. Nc3 Qd8 8. d5 Nb8 9. Bf4 a6 10. Rc1 Nh5 11. Nb5 axb5 12. Bc7 Qd7 13. Ne5 Qf5 14. Bd3 Qf4 15. Qxh5 Nd7 16. Nxd7 Qb4+ 17. Rc3 Qxb2 18. Nb6 Rxa2 1/2-1/2

[Event "Nizhnij Novgorod Dubinin Memorial 22nd"]
[Site "Nizhnij Novgorod"]
[Date "2015.??.??"]
[Round "5"]
[White "Vardanyan, Tigran"]
[Black "Sakulo, Denis"]
[Result "0-1"]
[WhiteElo "1607"]
[BlackElo "2016"]
[PlyCount "80"]
[EventDate "2015.01.03"]
[EventType "swiss"]
[EventRounds "9"]
[EventCountry "RUS"]
[SourceTitle "CBM 164 Extra"]
[Source "ChessBase"]
[SourceDate "2015.03.02"]
[SourceVersion "1"]
[SourceVersionDate "2015.03.02"]
[SourceQuality "1"]

1. e4 c5 2. d4 cxd4 3. c3 g6 4. cxd4 d5 5. Bb5+ Bd7 6. Bxd7+ Qxd7 7. e5 Nc6 8. Nf3 e6 9. 0-0 Nge7 10. Nc3 h5 11. Bg5 Nf5 12. Bf6 Bg7 13. Bxg7 Nxg7 14. Qd2 Nf5 15. Rac1 0-0 16. h3 Qe7 17. g4 hxg4 18. hxg4 Nh4 19. Nh2 f5 20. f4 fxg4 21. Nxg4 Nf5 22. Ne2 Qh4 23. Nf6+ Kg7 24. Rf2 Rh8 25. Rg2 Rac8 26. Rd1 Qh3 27. Ng4 Nh4 28. Rg3 Nf3+ 29. Kf2 Nxd2 30. Rxh3 Rxh3 31. Rxd2 Nb4 32. Kg2 Rd3 33. Rxd3 Nxd3 34. Ne3 Nxb2 35. Kf1 Nc4 36. Nd1 Nd2+ 37. Ke1 Rc2 38. a4 Nf3+ 39. Kf2 Nxd4 40. Ke3 Nxe2 0-1

[Event "Nizhnij Novgorod Region-ch"]
[Site "Nizhnij Novgorod"]
[Date "2013.10.19"]
[Round "8"]
[White "Ruzanov, Vadim"]
[Black "Vardanyan, Tigran"]
[Result "1-0"]
[WhiteElo "1864"]
[BlackElo "1679"]
[PlyCount "127"]
[EventDate "2013.10.19"]
[EventType "swiss"]
[EventRounds "9"]
[EventCountry "RUS"]
[SourceTitle "EXT 2022"]
[Source "ChessBase"]
[SourceDate "2021.10.06"]
[SourceVersion "1"]
[SourceVersionDate "2021.10.06"]
[SourceQuality "1"]

1. e4 c5 2. c4 Nc6 3. g3 g6 4. Nc3 Bg7 5. Nge2 e6 6. Bg2 Nge7 7. 0-0 0-0 8. d3 a6 9. Be3 d6 10. d4 b6 11. f4 Bb7 12. d5 exd5 13. exd5 Nb8 14. Qd2 Nd7 15. Ne4 Nf6 16. Nxf6+ Bxf6 17. a4 Re8 18. Rae1 Qd7 19. b3 b5 20. Nc3 b4 21. Ne4 Bg7 22. Kh1 Nf5 23. Bf2 Re7 24. Bxc5 dxc5 25. Nxc5 Bc3 26. Qxc3 bxc3 27. Nxd7 Rxd7 28. Rc1 Ne3 29. Rfe1 Nxg2 30. Kxg2 Rc8 31. Kf2 Kf8 32. Re3 Rcd8 33. Rd3 Re8 34. Rcxc3 a5 35. Re3 Red8 36. Ke2 Ba8 37. Kd2 Bb7 38. Kc2 Ba8 39. Rcd3 h5 40. Re5 Rd6 41. Rde3 Rc8 42. Kb2 Rcd8 43. Ka3 Rb8 44. Re7 Bxd5 45. cxd5 Rxd5 46. R7e5 Rbd8 47. Rxd5 Rxd5 48. b4 axb4+ 49. Kxb4 Rd4+ 50. Kb5 Rd5+ 51. Kc4 Ra5 52. Ra3 Ke7 53. Kb4 Ra8 54. a5 Kd6 55. a6 Kc6 56. a7 Kb6 57. Kc4 Kc6 58. Kd4 Kd6 59. Ra6+ Ke7 60. Kc5 Kd7 61. Kb6 Kc8 62. Ra1 f6 63. Rd1 f5 64. Rd6 1-0

[Event "Nizhnij Novgorod Region-ch"]
[Site "Nizhnij Novgorod"]
[Date "2013.10.19"]
[Round "7"]
[White "Vardanyan, Tigran"]
[Black "Ikonnikov, Georgy"]
[Result "0-1"]
[WhiteElo "1679"]
[BlackElo "1941"]
[PlyCount "74"]
[EventDate "2013.10.19"]
[EventType "swiss"]
[EventRounds "9"]
[EventCountry "RUS"]
[SourceTitle "EXT 2022"]
[Source "ChessBase"]
[SourceDate "2021.10.06"]
[SourceVersion "1"]
[SourceVersionDate "2021.10.06"]
[SourceQuality "1"]

1. e4 g6 2. d4 Bg7 3. Nf3 b6 4. Bc4 Bb7 5. Nc3 Ba6 6. Bxa6 Nxa6 7. 0-0 e6 8. Re1 Ne7 9. Bf4 0-0 10. Qd2 d6 11. Bh6 Kh8 12. Bxg7+ Kxg7 13. Ng5 h6 14. Nf3 Nb8 15. Rad1 Nd7 16. e5 d5 17. h3 a6 18. Nh2 c5 19. Ng4 Nf5 20. Ne2 cxd4 21. Nxd4 Qg5 22. Qxg5 hxg5 23. c3 Nxd4 24. Rxd4 Rac8 25. Red1 b5 26. a4 Rc5 27. R1d2 Rfc8 28. Re2 Rc4 29. Rxc4 bxc4 30. Kf1 Rb8 31. Ke1 Nc5 32. Kd1 Nxa4 33. Kc1 Nc5 34. Nh2 a5 35. Kb1 a4 36. Ka2 Nd3 37. Nf3 Nc1+ 0-1

[Event "Nizhnij Novgorod Region-ch"]
[Site "Nizhnij Novgorod"]
[Date "2013.10.19"]
[Round "3"]
[White "Vardanyan, Tigran"]
[Black "Shadchnev, Nikolai"]
[Result "1-0"]
[WhiteElo "1679"]
[BlackElo "1881"]
[PlyCount "61"]
[EventDate "2013.10.19"]
[EventType "swiss"]
[EventRounds "9"]
[EventCountry "RUS"]
[SourceTitle "EXT 2022"]
[Source "ChessBase"]
[SourceDate "2021.10.06"]
[SourceVersion "1"]
[SourceVersionDate "2021.10.06"]
[SourceQuality "1"]

1. e4 b6 2. d4 Bb7 3. Nc3 e6 4. Bd3 Bb4 5. Nf3 Nf6 6. e5 Nd5 7. Bd2 Nxc3 8. Bxc3 Bxc3+ 9. bxc3 h6 10. 0-0 d6 11. Re1 Nd7 12. Be4 d5 13. Bd3 Qe7 14. a3 0-0-0 15. a4 a5 16. Qe2 g5 17. Nd2 Kb8 18. Ba6 Ka7 19. Bxb7 Kxb7 20. Qb5 Nb8 21. Rab1 Nc6 22. Nb3 Nb8 23. Nxa5+ Ka7 24. Nb3 Qd7 25. Qd3 Na6 26. Rb2 c5 27. dxc5 Nxc5 28. Qd4 Qc6 29. a5 Rc8 30. axb6+ Qxb6 31. Nxc5 1-0

[Event "Kstovo Chess Hopes op"]
[Site "Kstovo"]
[Date "2013.06.24"]
[Round "2"]
[White "Vardanyan, Tigran"]
[Black "Vybin, Sergey"]
[Result "1/2-1/2"]
[WhiteElo "1678"]
[BlackElo "1749"]
[PlyCount "131"]
[EventDate "2013.06.24"]
[EventType "swiss"]
[EventRounds "9"]
[EventCountry "RUS"]
[SourceTitle "EXT 2018"]
[Source "ChessBase"]
[SourceDate "2017.10.13"]
[SourceVersion "1"]
[SourceVersionDate "2017.10.13"]
[SourceQuality "1"]

1. Nf3 Nf6 2. d4 g6 3. c4 Bg7 4. g3 0-0 5. Bg2 d5 6. c5 b6 7. cxb6 axb6 8. 0-0 c5 9. dxc5 bxc5 10. e3 Nc6 11. Nc3 e6 12. Bd2 Qb6 13. Rb1 Ba6 14. Re1 Bd3 15. Rc1 Qxb2 16. Na4 Qxa2 17. Nxc5 Bc4 18. Bc3 Qa7 19. Bxf6 Bxf6 20. Nd3 Qa3 21. Nf4 Rfb8 22. Nd2 Ne5 23. Nxc4 Nxc4 24. Nxd5 exd5 25. Bxd5 Nb2 26. Qf3 Ra6 27. Ra1 Qd6 28. Rxa6 Qxa6 29. Rb1 Qd3 30. Be4 Qd6 31. Bd5 Rd8 32. Bb3 Nd3 33. Rd1 Ne5 34. Qb7 Qe7 35. Rxd8+ Qxd8 36. f4 Nd7 37. Qd5 Qe7 38. e4 Qc5+ 39. Kg2 Qxd5 40. Bxd5 Bd4 41. Kf3 Kf8 42. Ba8 Ke7 43. Bd5 Nc5 44. Bc4 Na4 45. Bd3 Nc3 46. Bc2 f6 47. h3 h6 48. Bb3 g5 49. Bc2 Kd6 50. Bb3 Kc5 51. Bc2 Kc4 52. fxg5 fxg5 53. h4 Bf6 54. hxg5 hxg5 55. Ke3 Be5 56. Kf3 Kd4 57. Kg4 Bf6 58. Kf5 Bd8 59. e5 Nd5 60. Bb3 Ne3+ 61. Ke6 Ng4 62. Kd7 Nxe5+ 63. Kxd8 Ke3 64. Ke7 Kf2 65. Kf6 Nf3 66. g4 1/2-1/2